00326nam a2200109Ia 4500008004100000041000800041082001100049100001900060245008600079260004300165300000800208230724s2014 xx und d aeng a1.4092 aBECKER LUCINDA aPRESENTING YOUR RESEARCH CONFERENCES, SYMPOSIUMS, POSTER PRESENTATION AND BEYOND. bSAGE PUBLISHING INC.,AMERICA,U.Kc2014 a147